| 000 | 00598nam a2200193 a 4500 | ||
|---|---|---|---|
| 005 | 20220623115620.0 | ||
| 008 | 991125s1974 mx 000 0 spa u | ||
| 035 | _aUPN01000050219 | ||
| 049 | _aCG | ||
| 050 | 4 |
_aB2430 T3.7 _bC8.68 |
|
| 100 | 1 | _aCuénot, Claude | |
| 245 | 1 | 0 |
_aLo que verdaderamente dijo Teilhard / _cClaude Cuenot ; tr. José Gil de Ramales. |
| 260 |
_aMéxico : _bAguilar, _c1974. |
||
| 300 | _a255 p. | ||
| 440 | 0 | _aLo que verdaderamente dijeron | |
| 600 | 1 | 4 |
_aTEILHARD DE CHARDIN, PIERRE, _d1881-1955 - _xFILOSOFIA |
| 650 | 7 |
_aFilosofía francesa _2 _911991 |
|
| 905 | _aLibro | ||
| 999 |
_c50219 _d50219 |
||